| 000 | 00672nam a2200253Ia 4500 | ||
|---|---|---|---|
| 003 | OSt | ||
| 005 | 20220923211843.0 | ||
| 006 | a|||||r|||| 00| 0 | ||
| 007 | ta | ||
| 008 | 220922b |||||||| |||| 00| 0 hin d | ||
| 024 | _a59,836 | ||
| 037 | _cTextual | ||
| 040 |
_aARTS _cARTS _bhin |
||
| 041 |
_2hin _ahin |
||
| 082 | _aQ21:22, 15M6 | ||
| 100 | _aसनकाचार्य | ||
| 245 | 0 | _aनारद पुराण | |
| 246 | _aNārad purāṇa | ||
| 260 | _c1986 | ||
| 300 |
_aix, 466p _ccm. |
||
| 650 | _aभारतीय दर्शन | ||
| 942 |
_hQ21:22, 15M6 _cTEXL _2CC |
||
| 999 |
_c304131 _d304131 |
||